000 00697nam a2200217Ia 4500
003 OSt
005 20220923221852.0
006 a|||||r|||| 00| 0
007 ta
008 220922b |||||||| |||| 00| 0 hin d
024 _a200,660
037 _cTextual
040 _aARTS
_cARTS
_bhin
041 _2hin
_ahin
082 _aV2:5:C, 152J5-;K6
100 _aअग्रवाल, वासुदेवशरण
_9156285
245 0 _aपाणिनी कालीन भारतवर्ष
246 _aPāṇinī kālīn bhāratavarṣha
942 _hV2:5:C, 152J5-;K6
_cTEXL
_2CC
999 _c352332
_d352332